000 00795nam a2200265 a 4500
001 42558
003 BD-RjUL
005 20211209053547.0
008 160613s1957 nyu||||| |||| 001 0 eng d
035 _a(BD-RjUL)42676
040 _aBD-RjUL
_beng
_cBD-RjUL
041 _aeng
082 _223
_a330.9
_bMYR 1957
100 _aMyrdal, Gunner
_9130858
245 1 0 _aRich Lands and poor :
_bthe road to world prosperity /
_cGunner Myrdal, edi. by ruth nanda anshen
260 _aNew York :
_bHarper & Brothers,
_c1957
300 _a V. ;
_c22 cm.
490 _aWorld perspecties
500 _aindex present
505 0 _aVol 16 --
650 _aEconomic Development
_9130859
700 _aAnshen, Ruth Nanda edi. by
_9130860
856 _3World perspecties
942 _2ddc
_cBK
999 _c42558
_d42558